000 01408nam a22003857a 4500
003 CHAP
005 20220817044523.0
008 120514s it r 00010 eng d
010 _a103159
011 _a104131
035 _a114820
040 _cCHAP
082 0 4 _a641.1
_bF211y
110 2 _aFAO
245 1 0 _aReport on the FAO/UNDP Asia and the far-east Seminar on strengthening family life, los baños, the Philippines
_c/por FAO
260 _aRoma :
_bFAO,
_c1972
300 _a204 p. :
_bdiagramas, tablas
490 0 _aFAO. Nutrition Miscellaneous Meetings Series
_v; 4
500 _a28 Apr - 7 May 1971
500 _aESN-MMS/72/4
500 _aSerie de reuniones sobre nutrición (varias), diferentes aspectos sobre nutrición
590 _aBATCH-UPD
_b10
_c20130110
_lUCH01
_h1253
590 _aBATCH-UPD
_b10
_c20130410
_lUCH01
_h0814
590 _aBATCH-UPD
_b10
_c20130914
_lUCH01
_h1054
590 _aCONVERSION
_b10
_c20130109
_lUCH01
_h1357
650 1 4 _aCostos y nivel de vida.
_928518
650 1 4 _aDesarrollo de la comunidad rural
_xAsia.
_931998
650 1 4 _aFamilia.
_939405
650 1 4 _aSociología rural.
_9108215
710 0 _aUnited Nations Development Programme.
_9116266
830 0 _aFAO. Nutrition Miscellaneous Meetings Series
_v; 4
_939637
901 _aBK
942 _cLIBRO
949 _a641.1 F211y v.4
_bBC
_cFAO
_d33724002098595
_eFAO1
_gDonaciØn
_h116626
_i114820
_sb
999 _c103159
_d103159